Conquer: Lahad Datu 2024 / directed by Zulkarnain Azhar ; produced by Chee Ang Keoh ; written by Peter Toyat, Zulkarnain Azhar. (Record no. 20786)

000 -LEADER
fixed length control field 01139nam a22002417a 4500
008 - FIXED-LENGTH DATA ELEMENTS--GENERAL INFORMATION
fixed length control field 250527b xxu||||| |||| 00| 0 eng d
040 ## - CATALOGING SOURCE
Original cataloging agency Cagayan State University
Description conventions RDA
082 ## - DEWEY DECIMAL CLASSIFICATION NUMBER
Classification number 791.4372
Item number C753 2024
245 ## - TITLE STATEMENT
Title Conquer: Lahad Datu 2024 / directed by Zulkarnain Azhar ; produced by Chee Ang Keoh ; written by Peter Toyat, Zulkarnain Azhar.
260 ## - PUBLICATION, DISTRIBUTION, ETC. (IMPRINT)
Place of publication, distribution, etc Malaysia :
Name of publisher, distributor, etc Netflix,
Date of publication, distribution, etc 2024.
300 ## - PHYSICAL DESCRIPTION
Extent 1 videofile, (ca. 120 mins.) :
Other physical details sound, color.
520 ## - SUMMARY, ETC.
Summary, etc When a few hundred Filipinos known as the Royal Security Force of the Sultanate of Sulu and North Borneo was sent by Jamalul Kiram III to claim the throne of the Sulu Sultanate, the VAT69 Commando crew fight to defend the sovereignty of the homeland from attacks by terrorist groups, becoming known as the Lahad Datu 2013 standoff or Operation Daulat.
546 ## - LANGUAGE NOTE
Language note In English subtitle.
650 ## - SUBJECT ADDED ENTRY--TOPICAL TERM
Topical term or geographic name as entry element Drama.
650 ## - SUBJECT ADDED ENTRY--TOPICAL TERM
Topical term or geographic name as entry element History.
650 ## - SUBJECT ADDED ENTRY--TOPICAL TERM
Topical term or geographic name as entry element War.
700 ## - ADDED ENTRY--PERSONAL NAME
Personal name Kyle, Syafiq, star.
700 ## - ADDED ENTRY--PERSONAL NAME
Personal name Adli, Kamal, star.
700 ## - ADDED ENTRY--PERSONAL NAME
Personal name Ibrahim, Fikry, star.
700 ## - ADDED ENTRY--PERSONAL NAME
Personal name Tan, Teck Zee, cinematographer.
700 ## - ADDED ENTRY--PERSONAL NAME
Personal name Tan, Wei Hong, editor.
942 ## - ADDED ENTRY ELEMENTS (KOHA)
Source of classification or shelving scheme
Item type Audio-Visual Materials
Holdings
Source of acquisition Price effective from Permanent location Date last seen Not for loan Date acquired Source of classification or shelving scheme Koha item type Collection code Shelving location Damaged status Lost status Withdrawn status Current location Full call number
Donation2025-05-27Cagayan State University - Carig Library2025-05-27 2025-05-27 Audio-Visual MaterialsElectronic Media CenterElectronic Media Center   Cagayan State University - Carig Library791.4372 C753 2024

Cagayan State University University Library, Carig Campus
Tuguegarao City, Cagayan 3500 | www.csucarig.edu.ph

Powered by Koha